00362nam a22001217a 4500003000400000082001800004100001800022245009200040260004400132300000800176650002800184653002800212SGT a617.601bP19B aBansal, Meena aPersonality characteristics, Dental anxiety and oral health in Indian Adults aged 35-44 aGurugram, HaryanabSGT Universityc2019 a154 aPublic Health Dentistry aPublic Health Dentistry